Missing Word: Steve McQueen Quiz Stats

Quiz Updated Jan 29, 2015

Challenge
Share
Tweet
Embed
Score 0/10 Timer 01:30
1 Play Today
Movie Missing Word % Correct
The _____ EscapeGreat
98.2%
The Magnificent _____Seven
95.7%
The Thomas _____ AffairCrown
93.7%
The Towering _____Inferno
90.7%
The Great St. Louis _____ RobberyBank
80.2%
The Cincinnati _____Kid
65.4%
_____ is for HeroesHell
45.7%
The _____ PebblesSand
41.1%
An _____ of the PeopleEnemy
30.7%
_____ HornTom
18.1%

Today's Daily Dose

Word Ladder
KISS Hit

On This Day
January 22nd

You're not logged in!

Compare scores with friends on all Sporcle quizzes.
Sign Up with Email
OR
Log In

You Might Also Like...

Show Comments

Extras

Top Quizzes Today


Score Distribution

Your Account Isn't Verified!

In order to create a playlist on Sporcle, you need to verify the email address you used during registration. Go to your Sporcle Settings to finish the process.